| 000 | 00907nam0a22002891 4500 | ||
|---|---|---|---|
| 001 | v19\rc\1643284 | ||
| 005 | 20061002125533.1 | ||
| 035 | _a(NLR Aleph) 004756121 | ||
| 090 |
_a4560467 _c4560467 |
||
| 100 | _a20061002d1886 |||y0rusy50 ca | ||
| 101 | 0 | _arus | |
| 102 | _aRU | ||
| 105 | _ay z |||a| | ||
| 200 | 1 |
_aСаввушка _eРассказ из нар. жизни _fСоч. Ивана Тимофеевича Кокорева |
|
| 210 |
_aМосква _cНар. б-ка _d1886 |
||
| 215 |
_a160 с. _d21 |
||
| 225 | 1 | _aНародная библиотека | |
| 700 | 1 |
_aКокорев _bИ. Т. _f1825-1853 _gИван Тимофеевич |
|
| 801 | 0 |
_aRU _bNLR _gpsbo |
|
| 801 | 0 |
_aRU _bRuMoRGB _2psbo |
|
| 801 | 1 |
_aRU _bProSoft-M _2rusmarc |
|
| 852 |
_aNLR _j18.252.3.19 |
||
| 899 |
_aRuMoRGB _jE 120/370 |
||
| 899 |
_aRuMoRGB _jМК |
||
| 899 |
_aRuMoRGB _j801-96/1142-9 |
||
| 942 | _cBOOK | ||
| 980 | _aNB | ||